Enivonment Biodiversity And Disaster Management (Record no. 209476)
[ view plain ]
| 000 -LEADER | |
|---|---|
| fixed length control field | 00556nam a22001817a 4500 |
| 005 - DATE AND TIME OF LATEST TRANSACTION | |
| control field | 20250219153307.0 |
| 010 ## - LCCN (DPL NO) | |
| LC control number | ENG-143867 |
| 020 ## - INTERNATIONAL STANDARD BOOK NUMBER | |
| Terms of availability | 399.00 |
| International Standard Book Number | 9788195468096 |
| 035 ## - SYSTEM CONTROL NUMBER | |
| System control number | EN-1274399 |
| 037 ## - SOURCE OF ACQUISITION | |
| Source of stock number/acquisition | DBAD |
| 082 ## - DEWEY DECIMAL CLASSIFICATION NUMBER | |
| Classification number | 363.7 |
| 100 ## - MAIN ENTRY--PERSONAL NAME | |
| Personal name | S Navaneethan |
| 245 ## - TITLE STATEMENT | |
| Title | Enivonment Biodiversity And Disaster Management |
| Statement of responsibility, etc | Navaneethan S |
| Medium | English |
| 260 ## - PUBLICATION, DISTRIBUTION, ETC. (IMPRINT) | |
| Place of publication, distribution, etc | Tamil Nadu |
| Name of publisher, distributor, etc | Tamizhi Books |
| Date of publication, distribution, etc | 2022 |
| 270 ## - ADDRESS | |
| City | Tamil Nadu |
| Address | 1328, 20th Main road, Anna Nagar, Chennai |
| 300 ## - PHYSICAL DESCRIPTION | |
| Extent | 346pp |
| Dimensions | 28cm(pbk) |
| 942 ## - ADDED ENTRY ELEMENTS (KOHA) | |
| Source of classification or shelving scheme | Dewey Decimal Classification |
| Item type | English Books |
| Classification part | 363.7 |
| Edition | NAV |
| Withdrawn status | Lost status | Not for loan | Collection code | Home library | Current library | Date acquired | Source of acquisition | Cost, normal purchase price | Full call number | Barcode | Cost, replacement price | Koha item type |
|---|---|---|---|---|---|---|---|---|---|---|---|---|
| Non-fiction | Central Library | Central Library | 19/02/2025 | DBAD | 399.00 | 363.7 | EN-127399 | 399.00 | English Books |
